[Event "Obert Figueres Miquel Mas 2011"]
[Site "Figueres ESP"]
[Date "2011.08.11"]
[Round "1.1"]
[White "Viñas Serra, Jaume"]
[Black "Alvarez, Pedraza Aramis"]
[Result "0-1"]
[WhiteElo "1860"]
[BlackElo "2551"]
[PlyCount "40"]
[EventDate "2011.08.11"]
[EventType "swiss"]
[EventRounds "9"]
[EventCountry "ESP"]
[Source "lmi"]
[SourceDate "2011.08.11"]

1. d4 Nf6 2. Bg5 Ne4 3. Bh4 c5 4. dxc5 Qa5+ 5. Nd2 Nxd2 6. Qxd2 Qxc5 7. Nf3 Nc6
8. e3 g6 9. c3 Bg7 10. Be2 O-O 11. O-O d6 12. Nd4 Re8 13. Rfd1 Bd7 14. Qc2 Rac8
15. Rac1 Nxd4 16. exd4 Qa5 17. b3 Bh6 18. Ra1 Rxc3 19. Qe4 d5 20. Qb1 Bf5 0-1

[Event "Obert Figueres Miquel Mas 2011"]
[Site "Figueres ESP"]
[Date "2011.08.11"]
[Round "1.2"]
[White "Aroshidze, Levan"]
[Black "Puig Carres, Josep"]
[Result "1-0"]
[WhiteElo "2539"]
[BlackElo "1838"]
[PlyCount "49"]
[EventDate "2011.08.11"]
[EventType "swiss"]
[EventRounds "9"]
[EventCountry "ESP"]
[Source "lmi"]
[SourceDate "2011.08.11"]

1. e4 e6 2. d4 d5 3. Nc3 h6 4. Nf3 Ne7 5. Bd3 Nbc6 6. a3 dxe4 7. Nxe4 Nf5 8. c3
Be7 9. Bf4 O-O 10. Qe2 Nd6 11. O-O-O Nxe4 12. Qxe4 f5 13. Qe2 Qe8 14. Bxc7 Qg6
15. Rhg1 Bd7 16. g4 Bg5+ 17. Nxg5 Qxg5+ 18. f4 Qf6 19. gxf5 Nxd4 20. cxd4 Rac8
21. Kb1 Rxc7 22. Rg6 Qxd4 23. fxe6 Be8 24. Rxh6 gxh6 25. Bh7+ 1-0

[Event "Obert Figueres Miquel Mas 2011"]
[Site "Figueres ESP"]
[Date "2011.08.11"]
[Round "1.3"]
[White "Padrosa Baro, Carles"]
[Black "Oms Pallisse, Josep"]
[Result "0-1"]
[WhiteElo "1829"]
[BlackElo "2489"]
[PlyCount "58"]
[EventDate "2011.08.11"]
[EventType "swiss"]
[EventRounds "9"]
[EventCountry "ESP"]
[Source "lmi"]
[SourceDate "2011.08.11"]

1. e4 c5 2. Nf3 e6 3. d4 cxd4 4. Nxd4 Nc6 5. g3 a6 6. Bg2 Qc7 7. O-O Nf6 8. Nc3
d6 9. Be3 Be7 10. Re1 O-O 11. h3 Rb8 12. Qd2 Nd7 13. a3 Nxd4 14. Bxd4 b5 15. b4
Ne5 16. Bxe5 dxe5 17. Qe3 Bd7 18. Rad1 Rfc8 19. Rd3 Be8 20. Red1 a5 21. bxa5
Qxa5 22. Kh2 Bc5 23. Qf3 Qa7 24. Ne2 Bxf2 25. Rf1 Bc5 26. g4 Rd8 27. Ng3 Rxd3
28. cxd3 Qxa3 29. g5 Rd8 0-1

[Event "Obert Figueres Miquel Mas 2011"]
[Site "Figueres ESP"]
[Date "2011.08.11"]
[Round "1.4"]
[White "Martinez, Duanny Lelys Stanle"]
[Black "Gil Clariana, Jordi"]
[Result "1-0"]
[WhiteElo "2455"]
[BlackElo "1828"]
[PlyCount "59"]
[EventDate "2011.08.11"]
[EventType "swiss"]
[EventRounds "9"]
[EventCountry "ESP"]
[Source "lmi"]
[SourceDate "2011.08.11"]

1. e4 e5 2. Nf3 Nc6 3. Bb5 d6 4. d4 exd4 5. Nxd4 Bd7 6. Nc3 Nxd4 7. Bxd7+ Qxd7
8. Qxd4 Ne7 9. O-O Nc6 10. Qd3 g6 11. Nd5 Bg7 12. Bg5 O-O 13. Bf6 Ne5 14. Qd4
c6 15. Bxe5 Bxe5 16. Qxe5 cxd5 17. Qxd5 Qc6 18. Qxc6 bxc6 19. Rfd1 Rfd8 20. Rd3
Kf8 21. Rad1 Rd7 22. Rxd6 Rc7 23. Rd7 Rac8 24. f4 Ke8 25. Rxc7 Rxc7 26. Kf2 Ke7
27. Ke3 Ke6 28. e5 Kf5 29. h3 h5 30. Rd6 1-0

[Event "Obert Figueres Miquel Mas 2011"]
[Site "Figueres ESP"]
[Date "2011.08.11"]
[Round "1.5"]
[White "Bosch Sola, Enric"]
[Black "Anikaev, Yuri N"]
[Result "0-1"]
[WhiteElo "1820"]
[BlackElo "2438"]
[PlyCount "50"]
[EventDate "2011.08.11"]
[EventType "swiss"]
[EventRounds "9"]
[EventCountry "ESP"]
[Source "lmi"]
[SourceDate "2011.08.11"]

1. Nf3 d5 2. d3 c5 3. g3 Nc6 4. Bg2 g6 5. c3 Bg7 6. O-O Nf6 7. Re1 O-O 8. e4
dxe4 9. dxe4 Qxd1 10. Rxd1 Nxe4 11. Be3 Rb8 12. Nbd2 Nxd2 13. Rxd2 b6 14. Rad1
e5 15. Nh4 Ne7 16. Rd8 Bg4 17. Rxf8+ Kxf8 18. f3 Be6 19. b3 Nd5 20. Bc1 Nxc3
21. Re1 Nxa2 22. Bb2 g5 23. Bxe5 Bxe5 24. Rxe5 gxh4 25. gxh4 Bxb3 0-1

[Event "Obert Figueres Miquel Mas 2011"]
[Site "Figueres ESP"]
[Date "2011.08.11"]
[Round "1.6"]
[White "Lorenzo De La Riva, Lazaro"]
[Black "Ruiz Muñoz, Jose Carlos"]
[Result "1-0"]
[WhiteElo "2391"]
[BlackElo "1812"]
[PlyCount "57"]
[EventDate "2011.08.11"]
[EventType "swiss"]
[EventRounds "9"]
[EventCountry "ESP"]
[Source "lmi"]
[SourceDate "2011.08.11"]

1. e4 e6 2. d4 d5 3. Nd2 Nf6 4. e5 Nfd7 5. f4 b6 6. Ndf3 c5 7. c3 Ba6 8. Bxa6
Nxa6 9. f5 Nc7 10. fxe6 fxe6 11. Ng5 cxd4 12. cxd4 Bb4+ 13. Ke2 h6 14. Qb3 Be7
15. N5f3 Qc8 16. Qd3 Qa6 17. Nh3 Qxd3+ 18. Kxd3 g5 19. Nf2 O-O 20. h4 Rf5 21.
Ng4 Kg7 22. hxg5 hxg5 23. Nh6 Rxf3+ 24. gxf3 Rh8 25. Bxg5 Bxg5 26. Rag1 Rxh6
27. Rxg5+ Kh7 28. Rhg1 Ne8 29. Rg8 1-0

[Event "Obert Figueres Miquel Mas 2011"]
[Site "Figueres ESP"]
[Date "2011.08.11"]
[Round "1.7"]
[White "Medina Masdeu, Rasen"]
[Black "Vishnu, Prasanna  V"]
[Result "0-1"]
[WhiteElo "1794"]
[BlackElo "2340"]
[PlyCount "72"]
[EventDate "2011.08.11"]
[EventType "swiss"]
[EventRounds "9"]
[EventCountry "ESP"]
[Source "lmi"]
[SourceDate "2011.08.11"]

1. e4 c5 2. Nc3 a6 3. f4 b5 4. d3 Bb7 5. Nf3 e6 6. g3 b4 7. Ne2 d5 8. exd5 exd5
9. d4 Nf6 10. Bg2 Bd6 11. O-O O-O 12. c3 a5 13. Bd2 Re8 14. h3 Ne4 15. Kh2 Ba6
16. Ne5 f6 17. Bxe4 dxe4 18. Ng4 cxd4 19. cxd4 Nc6 20. Be3 h5 21. Nf2 Ne7 22.
Re1 Nd5 23. Qb3 Bb8 24. Nd1 h4 25. Bf2 hxg3+ 26. Bxg3 Qd7 27. Ne3 Bb7 28. Nxd5
Bxd5 29. Qe3 Ra6 30. Rg1 Rc6 31. Rg2 Rc2 32. b3 Qf5 33. h4 Rec8 34. Kh1 Qh3+
35. Rh2 Rxe2 36. Qxe2 e3+ 0-1

[Event "Obert Figueres Miquel Mas 2011"]
[Site "Figueres ESP"]
[Date "2011.08.11"]
[Round "1.8"]
[White "Houriez, Clement"]
[Black "Garcia, Richard"]
[Result "1-0"]
[WhiteElo "2328"]
[BlackElo "1763"]
[PlyCount "47"]
[EventDate "2011.08.11"]
[EventType "swiss"]
[EventRounds "9"]
[EventCountry "ESP"]
[Source "lmi"]
[SourceDate "2011.08.11"]

1. d4 Nf6 2. c4 g6 3. Nc3 d5 4. cxd5 Nxd5 5. e4 Nxc3 6. bxc3 Bg7 7. Be3 c5 8.
Nf3 O-O 9. Rc1 Nc6 10. d5 Ne5 11. Nxe5 Bxe5 12. Qd2 Qc7 13. f4 Bg7 14. c4 Rd8
15. Be2 e5 16. O-O f5 17. Bd3 fxe4 18. Bxe4 Qd6 19. f5 gxf5 20. Bxf5 Rf8 21.
Bc2 Re8 22. Qf2 Qc7 23. Qh4 Bh8 24. Rf3 1-0

[Event "Obert Figueres Miquel Mas 2011"]
[Site "Figueres ESP"]
[Date "2011.08.11"]
[Round "1.9"]
[White "Vilanova Olmedo, Ignaci"]
[Black "Cuadras Avellana, Jorge"]
[Result "0-1"]
[WhiteElo "1762"]
[BlackElo "2304"]
[PlyCount "50"]
[EventDate "2011.08.11"]
[EventType "swiss"]
[EventRounds "9"]
[EventCountry "ESP"]
[Source "lmi"]
[SourceDate "2011.08.11"]

1. e4 c5 2. Nf3 e6 3. d4 cxd4 4. Nxd4 Nc6 5. Nc3 d6 6. Be3 Nf6 7. Qd2 Be7 8. f3
O-O 9. g4 a6 10. O-O-O Nxd4 11. Qxd4 Nd7 12. Kb1 b5 13. Qd2 Bb7 14. g5 Rc8 15.
h4 Ne5 16. Qg2 Qc7 17. Rc1 b4 18. Na4 Bc6 19. Nb6 Rb8 20. Bxa6 Rxb6 21. Bxb6
Qxb6 22. Be2 Ra8 23. Qf1 d5 24. Rd1 Qa5 25. b3 Qxa2+ 0-1

[Event "Obert Figueres Miquel Mas 2011"]
[Site "Figueres ESP"]
[Date "2011.08.11"]
[Round "1.10"]
[White "Adrian, Claude"]
[Black "Pruja Ramirez De C., Eduardo"]
[Result "1-0"]
[WhiteElo "2291"]
[BlackElo "1735"]
[PlyCount "55"]
[EventDate "2011.08.11"]
[EventType "swiss"]
[EventRounds "9"]
[EventCountry "ESP"]
[Source "lmi"]
[SourceDate "2011.08.11"]

1. Nf3 d5 2. d4 Nf6 3. c4 dxc4 4. Nc3 e6 5. e4 c5 6. Bxc4 a6 7. e5 Nd5 8. O-O
cxd4 9. Qxd4 Nc6 10. Qe4 Nxc3 11. bxc3 Be7 12. Rb1 Qc7 13. a4 Bd7 14. Be3 Na5
15. Be2 Bc5 16. Nd4 Nc6 17. Nxe6 Bxe6 18. Bxc5 Nxe5 19. Qxb7 Qxb7 20. Rxb7 Nd7
21. Bd6 f6 22. Bf3 Rc8 23. Re1 Kf7 24. c4 Rhd8 25. c5 Bf5 26. g4 Bc2 27. Re7+
Kg6 28. Rbxd7 1-0

[Event "Obert Figueres Miquel Mas 2011"]
[Site "Figueres ESP"]
[Date "2011.08.11"]
[Round "1.11"]
[White "Loubet, Jean-Pierre"]
[Black "Lillo Castay, Victor"]
[Result "0-1"]
[WhiteElo "1713"]
[BlackElo "2281"]
[PlyCount "60"]
[EventDate "2011.08.11"]
[EventType "swiss"]
[EventRounds "9"]
[EventCountry "ESP"]
[Source "lmi"]
[SourceDate "2011.08.11"]

1. e4 c5 2. Nf3 d6 3. c3 Nf6 4. d3 g6 5. h3 Bg7 6. Be3 O-O 7. Qd2 Re8 8. Na3 a6
9. Nc2 b5 10. Bh6 Bh8 11. Ne3 Nc6 12. Be2 a5 13. Nh4 a4 14. O-O a3 15. Rab1 b4
16. bxa3 bxc3 17. Qc1 Nd4 18. Bd1 Ba6 19. Qxc3 Nxe4 20. Qc1 Bxd3 21. Re1 Bxb1
22. Qxb1 Nc3 23. Qd3 Rxa3 24. Bb3 Nxb3 25. Nef5 Nd4 26. Kh1 e6 27. Bc1 exf5 28.
Rxe8+ Qxe8 29. Bxa3 Qe1+ 30. Kh2 Nce2 0-1

[Event "Obert Figueres Miquel Mas 2011"]
[Site "Figueres ESP"]
[Date "2011.08.11"]
[Round "1.12"]
[White "Pruja Ramirez De Cartagena, Marc"]
[Black "Gimenez Aguirre, Ismael Alejo"]
[Result "1-0"]
[WhiteElo "2269"]
[BlackElo "1712"]
[PlyCount "77"]
[EventDate "2011.08.11"]
[EventType "swiss"]
[EventRounds "9"]
[EventCountry "ESP"]
[Source "lmi"]
[SourceDate "2011.08.11"]

1. e4 d5 2. exd5 Qxd5 3. Nf3 Bg4 4. Be2 Nf6 5. c4 Qd6 6. d4 c6 7. Nc3 Nbd7 8.
O-O e6 9. Be3 Be7 10. Qd2 O-O 11. Bf4 Qb4 12. a3 Qb3 13. Rac1 Nb6 14. Ne5 Bxe2
15. Qxe2 Rad8 16. Be3 Nfd7 17. Ne4 Nxe5 18. dxe5 Qd3 19. Qg4 h5 20. Qf4 Nxc4
21. Rxc4 Qxc4 22. Nf6+ Bxf6 23. Qxc4 Bxe5 24. Qe2 Rd5 25. b4 Rfd8 26. f4 Bf6
27. h3 Rd3 28. Bf2 g6 29. Kh2 Rd2 30. Qe4 Ra2 31. Qf3 Rc2 32. Bxa7 Rc3 33. Qe2
Rxa3 34. Bc5 Rad3 35. Rf3 Rd2 36. Qe4 h4 37. Ra3 Rd1 38. Qf3 Bb2 39. Ra8 1-0

[Event "Obert Figueres Miquel Mas 2011"]
[Site "Figueres ESP"]
[Date "2011.08.11"]
[Round "1.13"]
[White "Romero Isado, Jose Luis"]
[Black "Spielmann, Alain"]
[Result "0-1"]
[WhiteElo "1693"]
[BlackElo "2266"]
[PlyCount "46"]
[EventDate "2011.08.11"]
[EventType "swiss"]
[EventRounds "9"]
[EventCountry "ESP"]
[Source "lmi"]
[SourceDate "2011.08.11"]

1. e4 c6 2. d4 d5 3. exd5 cxd5 4. Nc3 Nf6 5. Nf3 Bg4 6. h3 Bh5 7. Bb5+ Nc6 8.
g4 Bg6 9. Ne5 Rc8 10. h4 h6 11. Nxg6 fxg6 12. Qd3 Kf7 13. f3 e6 14. a3 Bd6 15.
Ne2 Qc7 16. Be3 Na5 17. Rc1 a6 18. Ba4 Nc4 19. Qc3 Qe7 20. g5 Nh5 21. O-O Ng3
22. Nxg3 Bxg3 23. Bf2 Bf4 0-1

[Event "Obert Figueres Miquel Mas 2011"]
[Site "Figueres ESP"]
[Date "2011.08.11"]
[Round "1.14"]
[White "Trigo Urquijo, Sergio"]
[Black "Vidal Zamora, Cristina"]
[Result "1-0"]
[WhiteElo "2248"]
[BlackElo "1693"]
[PlyCount "77"]
[EventDate "2011.08.11"]
[EventType "swiss"]
[EventRounds "9"]
[EventCountry "ESP"]
[Source "lmi"]
[SourceDate "2011.08.11"]

1. d4 Nf6 2. c4 g6 3. Nc3 Bg7 4. e4 d6 5. Nf3 Nbd7 6. e5 dxe5 7. dxe5 Ng4 8. e6
Nde5 9. Qxd8+ Kxd8 10. Nxe5 Bxe5 11. h3 Bxc3+ 12. bxc3 Nf6 13. exf7 Be6 14. Ba3
Bxf7 15. O-O-O+ Ke8 16. Re1 e6 17. g4 Rd8 18. Bg2 c6 19. Re2 Kd7 20. Rd1+ Kc7
21. Rxd8 Kxd8 22. Bd6 Nd7 23. f4 Nb6 24. Re4 Re8 25. c5 Nc8 26. Rb4 Nxd6 27.
cxd6 b6 28. Bxc6 Rf8 29. Rd4 Kc8 30. Kd2 h6 31. Ke3 g5 32. fxg5 hxg5 33. Ke4
Bg8 34. Ke5 Rf2 35. Bb5 Rf3 36. Rc4+ Kd8 37. d7 Rd3 38. Rc8+ Ke7 39. Re8+ 1-0

[Event "Obert Figueres Miquel Mas 2011"]
[Site "Figueres ESP"]
[Date "2011.08.11"]
[Round "1.15"]
[White "Fleta Marin, Sergio"]
[Black "Gonzalez Vericat, Sergio"]
[Result "0-1"]
[WhiteElo "1675"]
[BlackElo "2229"]
[PlyCount "36"]
[EventDate "2011.08.11"]
[EventType "swiss"]
[EventRounds "9"]
[EventCountry "ESP"]
[Source "lmi"]
[SourceDate "2011.08.11"]

1. e4 e6 2. Nf3 d5 3. exd5 exd5 4. d4 Bd6 5. Bd3 Ne7 6. O-O Bg4 7. b3 Nbc6 8.
Bb2 Qd7 9. c3 O-O-O 10. Ba3 Bf4 11. Re1 Rde8 12. Bb5 Ng6 13. Be2 Rxe2 14. Qxe2
Nh4 15. h3 Bxf3 16. gxf3 Qxh3 17. Qe8+ Rxe8 18. Rxe8+ Kd7 0-1

[Event "Obert Figueres Miquel Mas 2011"]
[Site "Figueres ESP"]
[Date "2011.08.11"]
[Round "1.16"]
[White "Deleyn, Gunter"]
[Black "Torrent Lagresa, Josep M"]
[Result "1-0"]
[WhiteElo "2222"]
[BlackElo "1662"]
[PlyCount "51"]
[EventDate "2011.08.11"]
[EventType "swiss"]
[EventRounds "9"]
[EventCountry "ESP"]
[Source "lmi"]
[SourceDate "2011.08.11"]

1. c4 e5 2. g3 Nf6 3. Bg2 Be7 4. Nc3 O-O 5. e3 Nc6 6. Nge2 d6 7. O-O Bf5 8. e4
Be6 9. Nd5 Nd7 10. d4 Bxd5 11. cxd5 Nxd4 12. Nxd4 exd4 13. Qxd4 Bf6 14. Qa4 Nc5
15. Qc2 Qd7 16. Be3 b6 17. Rad1 a5 18. Rfe1 Rac8 19. f4 Qb5 20. e5 dxe5 21.
fxe5 Be7 22. Bd4 Rfd8 23. b3 h5 24. Re3 Qd7 25. Qe2 Bg5 26. Rc3 1-0

[Event "Obert Figueres Miquel Mas 2011"]
[Site "Figueres ESP"]
[Date "2011.08.11"]
[Round "1.17"]
[White "Serra Canals, Oriol"]
[Black "Sabria Batlle, Pol"]
[Result "1/2-1/2"]
[WhiteElo "1659"]
[BlackElo "2209"]
[PlyCount "69"]
[EventDate "2011.08.11"]
[EventType "swiss"]
[EventRounds "9"]
[EventCountry "ESP"]
[Source "lmi"]
[SourceDate "2011.08.11"]

1. d4 Nf6 2. c4 e6 3. Nf3 d5 4. Nc3 Bb4 5. Bg5 Nbd7 6. e3 c5 7. cxd5 exd5 8.
Bd3 Qa5 9. Qc2 c4 10. Bf5 O-O 11. O-O Re8 12. a3 Bxc3 13. bxc3 Ne4 14. Bxd7
Bxd7 15. Rfc1 Re6 16. Bf4 Rb6 17. Bc7 Re8 18. Bxb6 axb6 19. Qb2 b5 20. Ne5 Bf5
21. g4 Rxe5 22. dxe5 Bxg4 23. Rab1 Bf3 24. Qxb5 Qd8 25. h4 h6 26. Qxb7 Bg4 27.
Qb8 Bc8 28. Rc2 Kh7 29. Rb6 Qd7 30. f3 Qh3 31. Rg2 Nxc3 32. e6 Qxh4 33. Qxc8
Qe1+ 34. Kh2 Qh4+ 35. Kg1 1/2-1/2

[Event "Obert Figueres Miquel Mas 2011"]
[Site "Figueres ESP"]
[Date "2011.08.11"]
[Round "1.20"]
[White "Perez Calahorra, Ricardo"]
[Black "Idoate Arrazurria, Ricardo"]
[Result "1-0"]
[WhiteElo "2181"]
[BlackElo "1573"]
[PlyCount "79"]
[EventDate "2011.08.11"]
[EventType "swiss"]
[EventRounds "9"]
[EventCountry "ESP"]
[Source "lmi"]
[SourceDate "2011.08.11"]

1. d4 f5 2. g3 Nf6 3. Bg2 e6 4. c4 Be7 5. Nf3 O-O 6. O-O d5 7. Nc3 c6 8. Bf4
Nbd7 9. Ng5 Nb6 10. c5 Nc4 11. b3 Na5 12. Qd2 Ne4 13. Ngxe4 dxe4 14. Rfd1 Bd7
15. Rac1 b5 16. f3 exf3 17. Bxf3 Rc8 18. h4 Be8 19. Kf2 a6 20. Rh1 Nb7 21. b4
Bf6 22. Rcd1 Qe7 23. Qe3 Nd8 24. Bd6 Qd7 25. Bxf8 Kxf8 26. Qc1 Nf7 27. e3 Rd8
28. Ne2 Qe7 29. Qa3 e5 30. Qxa6 e4 31. Bg2 Nh6 32. Bh3 Ng4+ 33. Bxg4 fxg4 34.
Qa3 g5 35. hxg5 Bxg5 36. Nf4 Qf7 37. Qb3 h6 38. Kg2 Qf6 39. Rhf1 Qf7 40. Ne6+
1-0

[Event "Obert Figueres Miquel Mas 2011"]
[Site "Figueres ESP"]
[Date "2011.08.11"]
[Round "1.23"]
[White "Andres Sebastian, Luis"]
[Black "Balague Camps, Marc"]
[Result "0-1"]
[WhiteElo "1530"]
[BlackElo "2119"]
[PlyCount "84"]
[EventDate "2011.08.11"]
[EventType "swiss"]
[EventRounds "9"]
[EventCountry "ESP"]
[Source "lmi"]
[SourceDate "2011.08.11"]

1. e4 c5 2. Nf3 e6 3. Nc3 a6 4. a3 b5 5. d3 Bb7 6. Bf4 Nc6 7. Be2 d6 8. Qc1 Be7
9. O-O Nf6 10. Qd2 Nd4 11. Nxd4 cxd4 12. Nd1 O-O 13. Bg5 Nxe4 14. Bxe7 Nxd2 15.
Bxd8 Rfxd8 16. Re1 Rac8 17. Bg4 Rxc2 18. b4 Nb3 19. Rb1 Bd5 20. f3 f5 21. Bh3
g5 22. Nf2 h5 23. Nh1 g4 24. Ng3 gxh3 25. Re2 Rdc8 26. Rbe1 Rxe2 27. Nxe2 e5
28. Ng3 Rc2 29. Re2 Rxe2 30. Nxe2 hxg2 31. Kxg2 Nd2 32. Kf2 Nxf3 33. Ng3 Nh4
34. Nxh5 Kf7 35. Ng3 Kg6 36. Ne2 Kg5 37. Nc1 f4 38. h3 Be6 39. Ke1 f3 40. Kf2
Kf4 41. Kg1 Kg3 42. Kh1 Bxh3 0-1

[Event "Obert Figueres Miquel Mas 2011"]
[Site "Figueres ESP"]
[Date "2011.08.11"]
[Round "1.24"]
[White "Campo Echevarria, Juan Francisc"]
[Black "Asensio Graells, Ricard"]
[Result "1-0"]
[WhiteElo "2112"]
[BlackElo "1510"]
[PlyCount "81"]
[EventDate "2011.08.11"]
[EventType "swiss"]
[EventRounds "9"]
[EventCountry "ESP"]
[Source "lmi"]
[SourceDate "2011.08.11"]

1. e4 d5 2. Nf3 dxe4 3. Ng5 Qd5 4. d3 exd3 5. Bxd3 Nf6 6. O-O Bg4 7. Qe1 Bf5 8.
Nc3 Qd7 9. Bc4 e6 10. Qe2 Bd6 11. Rd1 Qe7 12. Nb5 O-O 13. Be3 Ng4 14. Nxd6 cxd6
15. Bf4 e5 16. h3 Nf6 17. Nxf7 Rxf7 18. Bxf7+ Qxf7 19. Rxd6 Nc6 20. Be3 Ne4 21.
Rdd1 Qg6 22. Kh2 Rf8 23. c3 Qe6 24. f3 Nd6 25. Bc5 Rd8 26. Rd2 Nf7 27. Rxd8+
Nfxd8 28. a3 h6 29. Rd1 Kh7 30. Bxa7 e4 31. Bb6 Nf7 32. fxe4 Qxe4 33. Qxe4 Bxe4
34. Rd7 Nce5 35. Re7 Kg6 36. Bd4 Kf5 37. Bxe5 Nxe5 38. Rxg7 Nd3 39. b4 Nf4 40.
Rf7+ Ke6 41. Rxf4 1-0

[Event "Obert Figueres Miquel Mas 2011"]
[Site "Figueres ESP"]
[Date "2011.08.11"]
[Round "1.25"]
[White "Garcia Castany, Jose"]
[Black "Vidal Zamora, Alex"]
[Result "0-1"]
[WhiteElo "1438"]
[BlackElo "2112"]
[PlyCount "62"]
[EventDate "2011.08.11"]
[EventType "swiss"]
[EventRounds "9"]
[EventCountry "ESP"]
[Source "lmi"]
[SourceDate "2011.08.11"]

1. d4 Nf6 2. c4 g6 3. Nc3 Bg7 4. e4 d6 5. Bg5 c5 6. dxc5 Qa5 7. Qc2 Qxc5 8. Be3
Qa5 9. Rd1 Nc6 10. a3 Ng4 11. Rd5 Nxe3 12. fxe3 Bxc3+ 13. Qxc3 Qxc3+ 14. bxc3
Be6 15. Rb5 O-O-O 16. Nf3 b6 17. Nd4 Bd7 18. Nxc6 Bxc6 19. Rd5 Bxd5 20. cxd5
Kb7 21. c4 Rc8 22. Kd2 Rc5 23. Bd3 Rhc8 24. a4 Rxc4 25. Bxc4 Rxc4 26. Rf1 f6
27. e5 dxe5 28. d6 exd6 29. Rxf6 Kc6 30. Rf7 Rxa4 31. Rxh7 Ra2+ 0-1

[Event "Obert Figueres Miquel Mas 2011"]
[Site "Figueres ESP"]
[Date "2011.08.11"]
[Round "1.26"]
[White "Triadu Cassa, Jordi"]
[Black "Ragueneau, Yann Klemens"]
[Result "1-0"]
[WhiteElo "2083"]
[BlackElo "1414"]
[PlyCount "49"]
[EventDate "2011.08.11"]
[EventType "swiss"]
[EventRounds "9"]
[EventCountry "ESP"]
[Source "lmi"]
[SourceDate "2011.08.11"]

1. e4 d6 2. d4 Nf6 3. Nc3 g6 4. Nf3 Bg7 5. Be3 O-O 6. Qd2 c6 7. h3 b5 8. Bd3
Qa5 9. O-O a6 10. Bh6 Bb7 11. e5 dxe5 12. dxe5 Nfd7 13. Bxg7 Kxg7 14. e6 fxe6
15. Ng5 Rf6 16. Qe3 e5 17. Nce4 Nf8 18. Nxf6 exf6 19. Ne4 Qc7 20. a4 Nbd7 21.
c4 Ne6 22. axb5 Nd4 23. bxa6 Bc8 24. c5 Qa7 25. b4 1-0

[Event "Obert Figueres Miquel Mas 2011"]
[Site "Figueres ESP"]
[Date "2011.08.11"]
[Round "1.27"]
[White "Lopez, Charles"]
[Black "Parals Marce, Luis"]
[Result "0-1"]
[WhiteElo "1395"]
[BlackElo "2077"]
[PlyCount "58"]
[EventDate "2011.08.11"]
[EventType "swiss"]
[EventRounds "9"]
[EventCountry "ESP"]
[Source "lmi"]
[SourceDate "2011.08.11"]

1. e4 c5 2. Nf3 e6 3. d4 cxd4 4. Nxd4 Nc6 5. Nc3 Qc7 6. Be2 Nf6 7. Be3 a6 8.
Bf3 d6 9. O-O Be7 10. Nce2 Ne5 11. Ng3 Nxf3+ 12. Qxf3 b5 13. Nh5 O-O 14. c3 Bb7
15. Nxf6+ Bxf6 16. Rac1 d5 17. Qe2 dxe4 18. f3 exf3 19. Nxf3 Bd5 20. Qc2 Rac8
21. Ng5 Bxg5 22. Bxg5 Qc5+ 23. Kh1 Bc4 24. Bd2 Bxf1 25. Rxf1 Rcd8 26. Rf3 Rd5
27. Be3 Qd6 28. Rh3 Rd1+ 29. Bg1 f5 0-1

[Event "Obert Figueres Miquel Mas 2011"]
[Site "Figueres ESP"]
[Date "2011.08.11"]
[Round "1.29"]
[White "Adrian, Louise"]
[Black "Balague Canadell, Jordi"]
[Result "0-1"]
[WhiteElo "1365"]
[BlackElo "2063"]
[PlyCount "84"]
[EventDate "2011.08.11"]
[EventType "swiss"]
[EventRounds "9"]
[EventCountry "ESP"]
[Source "lmi"]
[SourceDate "2011.08.11"]

1. e4 c5 2. Nf3 g6 3. b4 Bg7 4. c3 cxb4 5. d4 bxc3 6. Nxc3 Nc6 7. Bc4 e6 8. e5
d5 9. Bb3 Nge7 10. Bg5 h6 11. Bh4 Qa5 12. Qc2 Nf5 13. Bg3 Nfxd4 14. Nxd4 Nxd4
15. Qb2 O-O 16. O-O Qxc3 17. Qxc3 Ne2+ 18. Kh1 Nxc3 19. Rac1 Ne2 20. Rc7 Nxg3+
21. fxg3 Bxe5 22. Rc2 Bd7 23. Rb1 b5 24. Re2 Bc3 25. Re3 d4 26. Rd3 a5 27. a3
Bc6 28. Kg1 Be4 29. Rxc3 dxc3 30. Rc1 c2 31. Bxc2 Rac8 32. Bxe4 Rxc1+ 33. Kf2
b4 34. axb4 a4 35. b5 a3 36. b6 a2 37. b7 a1=Q 38. b8=Q Qd4+ 39. Ke2 Qxe4+ 40.
Kf2 Rc2+ 41. Kf1 Rxb8 42. Kg1 Rb1# 0-1

[Event "Obert Figueres Miquel Mas 2011"]
[Site "Figueres ESP"]
[Date "2011.08.11"]
[Round "1.30"]
[White "Vinardell Cruanas, Sergi"]
[Black "Perez Mondejar, Adler"]
[Result "1-0"]
[WhiteElo "2061"]
[BlackElo "1348"]
[PlyCount "53"]
[EventDate "2011.08.11"]
[EventType "swiss"]
[EventRounds "9"]
[EventCountry "ESP"]
[Source "lmi"]
[SourceDate "2011.08.11"]

1. e4 c5 2. Nf3 d6 3. d4 cxd4 4. Nxd4 Nf6 5. Nc3 a6 6. Bc4 e6 7. O-O b5 8. Bb3
b4 9. Na4 Nxe4 10. Re1 Nf6 11. Bg5 Be7 12. Nf5 exf5 13. Bxf6 gxf6 14. Qd5 Ra7
15. Qxf7+ Kd7 16. Nb6+ Kc6 17. Nxc8 Qxc8 18. Rxe7 Rxe7 19. Qxe7 Qf8 20. Qe6 f4
21. c3 bxc3 22. Rc1 Kc7 23. Rxc3+ Kb6 24. Qc4 Qd8 25. Qb4+ Ka7 26. Qd4+ Qb6 27.
Rc7+ 1-0

[Event "Obert Figueres Miquel Mas 2011"]
[Site "Figueres ESP"]
[Date "2011.08.12"]
[Round "2.1"]
[White "Alvarez, Pedraza Aramis"]
[Black "Triadu Cassa, Jordi"]
[Result "1-0"]
[WhiteElo "2551"]
[BlackElo "2083"]
[PlyCount "75"]
[EventDate "2011.08.11"]
[EventType "swiss"]
[EventRounds "9"]
[EventCountry "ESP"]
[Source "lmi"]
[SourceDate "2011.08.11"]

1. e4 e5 2. Nf3 Nc6 3. Bc4 Nf6 4. d3 Be7 5. O-O O-O 6. Re1 d6 7. a4 Na5 8. Ba2
c5 9. Nc3 Nc6 10. h3 Nd4 11. Nh2 Be6 12. Nd5 Bxd5 13. exd5 Nf5 14. c3 Nd7 15.
Qg4 g6 16. Bc4 h5 17. Qd1 Bg5 18. Bxg5 Qxg5 19. Nf3 Qd8 20. a5 Nh4 21. Nh2 Nf5
22. Qd2 Kg7 23. Nf3 Nf6 24. Qc2 Qd7 25. Qb3 Rfb8 26. Ra4 b5 27. axb6 Rxb6 28.
Qxb6 Qxa4 29. Qb7 Rd8 30. Ng5 Rd7 31. Qc8 Qc2 32. Ne4 Re7 33. Nxf6 Kxf6 34.
Qh8+ Ng7 35. Qd8 Nf5 36. g4 hxg4 37. hxg4 Qd2 38. Kf1 1-0

[Event "Obert Figueres Miquel Mas 2011"]
[Site "Figueres ESP"]
[Date "2011.08.12"]
[Round "2.2"]
[White "Vidal Zamora, Alex"]
[Black "Aroshidze, Levan"]
[Result "0-1"]
[WhiteElo "2112"]
[BlackElo "2539"]
[PlyCount "72"]
[EventDate "2011.08.11"]
[EventType "swiss"]
[EventRounds "9"]
[EventCountry "ESP"]
[Source "lmi"]
[SourceDate "2011.08.11"]

1. e4 c5 2. Nf3 d6 3. d4 cxd4 4. Nxd4 Nf6 5. Nc3 Nc6 6. Be2 e5 7. Nf3 h6 8. h3
Be7 9. O-O O-O 10. Re1 Be6 11. Bf1 Nb8 12. a4 a6 13. b3 Nbd7 14. a5 Rc8 15. Bb2
Qc7 16. Nd2 Qc6 17. Nc4 Rfe8 18. Qf3 Bd8 19. Red1 Bc7 20. Nd5 Bb8 21. Ba3 Rcd8
22. Nce3 Bxd5 23. exd5 Qc3 24. Qf5 e4 25. Ra2 Ne5 26. Bb2 Qc7 27. Bd4 Qe7 28.
Qf4 Ng6 29. Qf5 Nh4 30. Qf4 Nh5 31. Qh2 Qg5 32. Be2 Nf4 33. Kf1 Nxe2 34. Kxe2
f5 35. f4 exf3+ 36. gxf3 Rxe3+ 0-1